000 00414nam a2200169 a 4500
001 21724
003 CO-ViMGA
008 141112s2004 ck r 000 u spa d
040 _aCO-ViMGA
_bspa
_cCO-ViMGA
082 0 4 _aHARb
100 1 _aHartling, Peter
_931005
245 1 0 _aBen quiere a Anna
260 _aBogotá :
_bSantillana,
_c1989
300 _a98p
500 _aNOVELA JUVENIL ALEMANA.
942 _2ddc
_cBK
999 _c30283
_d30283